skbl

Dr Suryya Kumar Bhuyan Library Web-OPAC
ডঃ সূৰ্য্য
কুমাৰ ভূঞা পুথিভঁৰাল ৱেব-অ'পেক

All Research Scholars are advised to clear the annual library fees to continue using Library Resources, Remote Access, Plagiarism Test and Library Clearance.

Cotton University Book Fair 2026

Literary and Historical Works of Dr SK Bhuyan / (Record no. 3459)

MARC details
000 -LEADER
fixed length control field 00581nam a2200181Ia 4500
001 - CONTROL NUMBER
control field 3471
008 - FIXED-LENGTH DATA ELEMENTS--GENERAL INFORMATION
fixed length control field 170215s1999 ii a g b000 u 465 u
082 ## - DEWEY DECIMAL CLASSIFICATION NUMBER
Classification number 954
100 ## - MAIN ENTRY--PERSONAL NAME
Personal name Kakati, Banikanta .
245 #0 - TITLE STATEMENT
Title Literary and Historical Works of Dr SK Bhuyan /
Statement of responsibility, etc. Banikanta kakati.
Medium Textual Documents
250 ## - EDITION STATEMENT
Edition statement 1st ed. /
260 ## - PUBLICATION, DISTRIBUTION, ETC.
Place of publication, distribution, etc. Gauhati :
Name of publisher, distributor, etc. Grand-Son of Bhuyan ,
Date of publication, distribution, etc. 1999.
300 ## - PHYSICAL DESCRIPTION
Extent 15p. :
Other physical details ill ;
Dimensions 28 cm. .
500 ## - GENERAL NOTE
General note Four Copy only.
504 ## - BIBLIOGRAPHY, ETC. NOTE
Bibliography, etc. note An abridged and Consolidated bibliography compiled by the Author
653 ## - INDEX TERM--UNCONTROLLED
Uncontrolled term History- Literary Works.
942 ## - ADDED ENTRY ELEMENTS (KOHA)
Source of classification or shelving scheme Dewey Decimal Classification
Koha item type Books
Holdings
Withdrawn status Lost status Damaged status Not for loan Collection Home library Current library Date acquired Coded location qualifier Total checkouts Full call number Barcode Date last seen Copy number Price effective from Koha item type
      Not for loan   Dr. Suryya Kumar Bhuyan Library Dr. Suryya Kumar Bhuyan Library 01/02/2012 00000   954 Bh 469 Li 80/DGift 13/01/2024 4 01/02/2012 Books
      Not for loan   Dr. Suryya Kumar Bhuyan Library Dr. Suryya Kumar Bhuyan Library 01/02/2012 00000   954 Bh 469 Li 80/AGift 13/01/2024 1 01/02/2012 Books
          Dr. Suryya Kumar Bhuyan Library Dr. Suryya Kumar Bhuyan Library 01/02/2012 00000   954 Bh 469 Li 80/BGift 13/01/2024 2 01/02/2012 Books
          Dr. Suryya Kumar Bhuyan Library Dr. Suryya Kumar Bhuyan Library 01/02/2012 00000   954 Bh 469 Li 80/CGift 13/01/2024 3 01/02/2012 Books

Designed and Maintained by Team SKBL
©1901-2026

Powered by Koha